Départements finissant par 5 - Statistiques

Statistiques générales
  • Ce quiz a été pris 22 fois
  • Le résultat moyen est 8 sur 10
Statistiques - réponses
Département % Correct
75 Paris
100%
25 Doubs
90%
85 Vendée
90%
15 Cantal
85%
05 Hautes-Alpes
85%
95 Val d'Oise
85%
65 Hautes-Pyrénées
80%
35 Îlle-et-Vilaine
80%
45 Loiret
80%
55 Meuse
65%
Aucun quiz correspondant
Distribution des résultats
% des personnes avec chaque résultat
Percentile par nombre de réponses
Votre historique - résultats
Vous n’avez pas pris ce quiz